|
|
|
|
| LEADER |
00000nas a2200000 a 4500 |
| 001 |
ssj0000866348 |
| 003 |
WaSeSS |
| 005 |
20200512172242.0 |
| 006 |
m d |
| 007 |
cr n |
| 008 |
130108c20109999po ar s 0 0por c |
| 010 |
|
|
|a 2013263023
|
| 022 |
|
|
|a 2182-9748
|l 2182-1097
|
| 035 |
|
|
|a (WaSeSS)ssj0000866348
|
| 037 |
|
|
|b Centro de Investigação Transdisciplinar "Cultura, Espaço & Memória", Faculdade de Letras da Universidade do Porto, Via Panorâmica, s.n., 4150-564 Porto, Portugal
|
| 040 |
|
|
|a HUA
|b eng
|c HUA
|d TXA
|d OCLCF
|d CUS
|d OCLCO
|d OCL
|d OCLCQ
|d AU@
|d OCLCQ
|d WaSeSS
|
| 041 |
0 |
|
|a por
|a eng
|
| 042 |
|
|
|a pcc
|
| 043 |
|
|
|a e-po---
|
| 050 |
1 |
4 |
|a DP501
|b .C36
|
| 222 |
|
0 |
|a CEM
|b (Porto. Em linha)
|
| 245 |
0 |
0 |
|a CEM
|h [electronic resource].
|
| 246 |
1 |
|
|a Cultura, espaço & memória
|
| 246 |
1 |
|
|a Revista CEM
|
| 260 |
|
|
|a Porto, Portugal :
|b CITCEM,
|c [2010]-
|
| 310 |
|
|
|a Annual
|
| 362 |
1 |
|
|a Began with: N. 1 (2010).
|
| 506 |
|
|
|a License restrictions may limit access.
|
| 546 |
|
|
|a Chiefly in Portuguese, with some contributions in English.
|
| 588 |
|
|
|a Description based on: No. 1 (2010); title from PDF title page (up site, viewed Mar. 26, 2013).
|
| 588 |
|
|
|a Latest issue consulted: No. 2 (2011) (up site, viewed Mar. 26, 2013).
|
| 650 |
|
0 |
|a History
|v Periodicals.
|
| 650 |
|
0 |
|a Humanities
|v Periodicals.
|
| 650 |
|
7 |
|a History
|2 fast
|0 (OCoLC)fst00958235
|
| 650 |
|
7 |
|a Humanities.
|2 fast
|0 (OCoLC)fst00963588
|
| 651 |
|
0 |
|a Portugal
|x History
|v Periodicals.
|
| 651 |
|
7 |
|a Portugal.
|2 fast
|0 (OCoLC)fst01208476
|
| 655 |
|
0 |
|a Electronic journals.
|
| 710 |
2 |
|
|a Centro de Investigação Transdisciplinar Cultura, Espaço & Memória.
|
| 776 |
0 |
8 |
|i Print version:
|t Cultura, espaço & memória
|x 2182-1097
|
| 856 |
4 |
0 |
|z Full text available from Research Library: 01/01/2010 to present
|u https://search.proquest.com/publication/3882633
|